Ligue 1 Teams 2013-2014 - Statistics

General Stats
  • This quiz has been taken 940 times
  • The average score is 15 of 20
Answer Stats
Answer % Correct
Paris
98%
Lyon
97%
Marseille
96%
Lille
89%
Monaco
88%
Bordeaux
87%
Nice
80%
Nantes
78%
Rennes
78%
Saint Etienne
78%
Montpellier
73%
Toulouse
71%
Ajaccio
63%
Bastia
63%
Lorient
59%
Evian
57%
Reims
57%
Sochaux
57%
Guingamp
55%
Valenciennes
48%
No matching quizzes found
Score Distribution
Percent of People with Each Score
Percentile by Number Answered
Your Score History
You have not taken this quiz